| 000 | 01677cam a2200361 a 4500 | ||
|---|---|---|---|
| 999 |
_c130399 _d130399 |
||
| 001 | 16224861 | ||
| 003 | ARRUPE | ||
| 005 | 20200312120830.0 | ||
| 008 | 100510s2010 nyu b 001 0 eng | ||
| 010 | _a 2010019537 | ||
| 020 | _a9780231701266 (alk. paper) | ||
| 020 | _a0231701268 (alk. paper) | ||
| 020 | _a9781850659921 | ||
| 020 | _a1850659923 | ||
| 035 | _a(OCoLC)ocn320798944 | ||
| 040 |
_aDLC _cDLC _dYDX _dBTCTA _dCDX _dTOH _dMLY _dYDXCP _dRCJ _dBWX _dDEBBG _dDLC |
||
| 050 | 0 | 0 |
_aBL65.C8 _bR66 2013 |
| 082 | 0 | 0 |
_a201/.7 _222 |
| 100 | 1 |
_aRoy, Olivier, _d1949- _949615 |
|
| 245 | 1 | 0 |
_aHoly ignorance : _bwhen religion and culture part ways / _cOlivier Roy. |
| 260 |
_aLondon : _bHurst and company, _cc2013. |
||
| 300 |
_axiv, 259 p. ; _c23 cm. |
||
| 490 | 1 | _aComparative politics and international studies series | |
| 504 | _aIncludes bibliographical references and index. | ||
| 505 | 0 | _aWhen religion meets culture -- From civilization to multiculturalism -- Religion, ethnic group, nation -- Culture and religion : the divide -- Free market or domination by market? -- The religion market -- The standardization of religion. | |
| 650 | 0 |
_aReligion and culture. _9572 |
|
| 650 | 0 |
_aGlobalization _xReligious aspects. _949616 |
|
| 830 | 0 |
_aCERI series in comparative politics and international studies. _949617 |
|
| 856 |
_uhttp://bvbr.bib-bvb.de:8991/F?func=service&doc_library=BVB01&doc_number=021133712&line_number=0001&func_code=DB_RECORDS&service_type=MEDIA _zInhaltsverzeichnis |
||
| 906 |
_a7 _bcbc _corignew _d1 _eecip _f20 _gy-gencatlg |
||
| 942 |
_2lcc _cMONOGRAPH |
||